La psychologie comme science naturelle (Record no. 153409)

MARC details
000 -LEADER
campo de control de longitud fija 00675nam a2200193 i 4500
001 - NÚMERO DE CONTROL
campo de control 153409
003 - IDENTIFICADOR DE NÚMERO DE CONTROL
campo de control ES-MaACL
005 - FECHA Y HORA DE LA ÚLTIMA TRANSACCIÓN
campo de control 20250822062554.0
008 - DATOS DE LONGITUD FIJA--INFORMACIÓN GENERAL
campo de control de longitud fija 950720s1876 be |||| | fre d
040 ## - FUENTE DE CATALOGACIÓN
Centro catalogador/agencia de origen CAM
Lengua de catalogación spa
Centro/agencia transcriptor CAM
100 1# - ENTRADA PRINCIPAL--NOMBRE DE PERSONA
Nombre de persona Delboeuf, Joseph.
9 (RLIN) 43345
245 13 - MENCIÓN DEL TÍTULO
Título La psychologie comme science naturelle
Resto del título : son present et son avenir /
Mención de responsabilidad, etc. par J. Delboeuf.
260 ## - PUBLICACIÓN, DISTRIBUCIÓN, ETC.
Lugar de publicación, distribución, etc. Bruxelles :
Nombre del editor, distribuidor, etc. C. Muquardt,
Fecha de publicación, distribución, etc. 1876 (
Fabricante M. Wissenbruch)
300 ## - DESCRIPCIÓN FÍSICA
Extensión 111 p. ;
Dimensiones 23 cm.
650 07 - PUNTO DE ACCESO ADICIONAL DE MATERIA--TÉRMINO DE MATERIA
Término de materia o nombre geográfico como elemento de entrada Psicología
Fuente del encabezamiento o término embne
9 (RLIN) 16540
852 ## - LOCALIZACIÓN
Ubicación ES-MaACL
Número de control de estantería T-205-F-1
Nota libre -- Enc. hol., falto de la enc. original
-- -- Enc. en un vol. facticio
852 ## - LOCALIZACIÓN
Ubicación ES-MaACL
Número de control de estantería F-8106
Holdings
Estatus retirado Estado de pérdida Estado de daño No para préstamo Colección Biblioteca de origen Biblioteca actual Ubicación en estantería Fecha de adquisición Fuente de adquisición Total de préstamos Signatura topográfica completa Código de barras Visto por última vez Precio de reemplazo Tipo de ítem Koha
        Libros del s. XIX Biblioteca del Ateneo de Madrid Biblioteca del Ateneo de Madrid Sala Pecera Planta 2 28/03/2016     F-8106 1195017 23/02/2023 23/02/2023 Libro impreso antiguo
        Colección de folletos Biblioteca del Ateneo de Madrid Biblioteca del Ateneo de Madrid Depósito folletos 17/01/2008     T-205-F-1 1160329 23/02/2023 23/02/2023 Folleto